Republic of Yemen : 2007 Article IV Consultation; Staff Report; Staff Supplements; Public Information Notice on the Executive Board Discussion; and Statement by the Executive Director for the Republic of Yemen.

This 2007 Article IV Consultation highlights that despite recent progress in poverty reduction, Yemen remains far from achieving the Millennium Development Goals. Oil production has been declining since 2000, and in the absence of major discoveries, proven oil reserves could be depleted in some 10 y...

Fuld beskrivelse

Bibliografiske detaljer
Institution som forfatter: International Monetary Fund
Format: Tidsskrift
Sprog:English
Udgivet: Washington, D.C. : International Monetary Fund, 2007.
Serier:IMF Staff Country Reports; Country Report ; No. 2007/334
Online adgang:Full text available on IMF
LEADER 01747cas a2200241 a 4500
001 AALejournalIMF009601
008 230101c9999 xx r poo 0 0eng d
020 |c 5.00 USD 
020 |z 9781451840810 
022 |a 1934-7685 
040 |a BD-DhAAL  |c BD-DhAAL 
110 2 |a International Monetary Fund. 
245 1 0 |a Republic of Yemen :   |b 2007 Article IV Consultation; Staff Report; Staff Supplements; Public Information Notice on the Executive Board Discussion; and Statement by the Executive Director for the Republic of Yemen. 
264 1 |a Washington, D.C. :  |b International Monetary Fund,  |c 2007. 
300 |a 1 online resource (59 pages) 
490 1 |a IMF Staff Country Reports 
500 |a <strong>Off-Campus Access:</strong> No User ID or Password Required 
500 |a <strong>On-Campus Access:</strong> No User ID or Password Required 
506 |a Electronic access restricted to authorized BRAC University faculty, staff and students 
520 3 |a This 2007 Article IV Consultation highlights that despite recent progress in poverty reduction, Yemen remains far from achieving the Millennium Development Goals. Oil production has been declining since 2000, and in the absence of major discoveries, proven oil reserves could be depleted in some 10 years' time. Economic performance in 2006 was generally favorable, but was accompanied by an increase in inflation. Overall real GDP growth reached 4 percent in 2006, with a 6 percent non-oil growth offsetting an 8 percent decline in oil production. 
538 |a Mode of access: Internet 
830 0 |a IMF Staff Country Reports; Country Report ;  |v No. 2007/334 
856 4 0 |z Full text available on IMF  |u http://elibrary.imf.org/view/journals/002/2007/334/002.2007.issue-334-en.xml  |z IMF e-Library